00722nam a2200205Ia 4500003000900000008004100009040001600050080001500066100003300081245010100114260003700215300002300252650002500275650003000300650002400330650004900354942000700403999001500410952009100425IN-BaIIA211028s9999 xx 000 0 eng d cIIA Library a52-77bPHI aPhilip, Kenelm Winslow98412 0aPosition measurements on solar continuum sources at decameter wavelengthscKenelm Winslow Philip aUSAbYale University Pressc1963 a[various pagings.] a Ph.D. thesis98413 a Radar astronomy 97996 a Radio astronomy  aAstronomy and astrophysics thesaurus 91143 cBK c4734d4734 00104070aBANbBANcGENd1975-06-17l0o52-77/ PHIp5290r2021-11-05w1975-06-17yBK